[Event "FRA-ch Youth U16 2018"]
[Site "Agen"]
[Date "2018.04.15"]
[Round "1"]
[White "Vlachos, Anatole"]
[Black "Laffonta, Matthias"]
[Result "1-0"]
[WhiteElo "2346"]
[BlackElo "1944"]
[Annotator "TA"]
[PlyCount "101"]
[EventDate "2018.??.??"]
[EventType "swiss"]
[EventCountry "FRA"]
[SourceTitle "playchess.com"]
[Source "ChessBase"]
[SourceQuality "1"]

{[%evp 14,101,-7,0,48,36,37,47,37,10,31,36,60,31,60,44,63,56,60,50,95,29,21,29,63,54,72,47,91,0,35,0,0,-20,0,0,0,-20,-4,-6,-4,-4,-4,-39,-37,-29,8,7,14,-47,3,0,19,9,16,0,0,0,54,58,60,60,364,291,270,280,268,269,838,845,819,817,29992,29987,29987,29968,29968,29969,29969,29970,29970,29971,29970,29968,29972,29973,29973,29974,29974,29974]} 1. a3 d5 2. Nf3 Nf6 3. e3 e6 4. d4 Bd6 5. c4 c6 6. Nc3 Nbd7 7. Bd3 dxc4 {D46: Semi-Slav: 5 e3 Nbd7 6 Bd3, Black avoids the Meran} (7... O-O 8. O-O e5 9. cxd5 cxd5 10. Nb5 Bb8 11. dxe5 Nxe5 12. Nxe5 Bxe5 13. f4 Bc7 14. Nxc7 Qxc7 15. b4 Qb6 16. Re1 {1-0 (59) Korobov,A (2652)-Bok,B (2607) Wijk aan Zee 2018}) 8. Bxc4 {LiveBook: 11 Games} e5 9. dxe5 Bxe5 {White is slightly better.} 10. Nxe5 Nxe5 11. Qxd8+ Kxd8 12. Be2 Be6 $146 ({Predecessor:} 12... Bf5 13. O-O Kc7 14. f3 Bd3 15. Kf2 {½-½ (28) Meier,A (2272)-Stitterich,N (1981) Stuttgart 2010}) 13. f4 Ned7 14. b4 {[%cal Bb2b4,Bb4b5][%mdl 32]} Ke7 15. O-O Nb6 16. Re1 Rhd8 17. a4 (17. e4 $16) 17... Nbd5 $11 18. Nxd5+ Nxd5 19. b5 c5 20. Ba3 {Hoping for f5.} (20. f5 $5 Bc8 21. Bb2 $16) 20... Rac8 {[#]} 21. Bf3 (21. f5 $1 $16 {[%mdl 512]} Bd7 (21... Bxf5 22. e4) 22. Bf3) 21... Rc7 22. Rac1 b6 23. g3 Nf6 24. Bb2 Rcd7 25. e4 Rd2 26. Bc3 Ra2 27. f5 $132 {[%mdl 2048] White is not keeping still} Bb3 28. a5 Rd3 29. Bg2 Bc2 30. Be5 Bb3 31. Bc3 (31. axb6 $11 Rdd2 32. Bf3 axb6 33. Rc3) 31... Bc2 32. Be5 Bb3 33. axb6 axb6 34. Bc7 Nd7 35. e5 Ra7 (35... Rdd2 $11 36. Bc6 Bd5 37. Bxd5 Rxd5) 36. Bd6+ $14 Kd8 37. Ra1 Ba2 $2 {[%mdl 8192]} ({Better is} 37... Rxa1 $14 38. Rxa1 Rd1+ 39. Rxd1 Bxd1) 38. Re2 Rda3 39. e6 fxe6 40. fxe6 Nf6 $2 (40... Bc4 41. Rxa3 Rxa3) 41. e7+ $18 Ke8 42. Bc6+ Nd7 43. Rf2 {[%csl Gd6,Ge7][%cal Rf2f8] White mates.} Bf7 44. Rxa3 Rxa3 {[#]} 45. Rxf7 $1 {[%mdl 512]} Kxf7 46. Bxd7 Re3 47. e8=Q+ Rxe8 48. Bxe8+ Kxe8 49. Bc7 Kd7 50. Bxb6 c4 51. Kf2 {Precision: White = 52%, Black = 29%.} 1-0

[Event "FRA-ch Youth U16 2018"]
[Site "Agen"]
[Date "2018.04.15"]
[Round "1"]
[White "Harutyunyan, Ruben"]
[Black "Dedenon, Quentin"]
[Result "1-0"]
[WhiteElo "2305"]
[BlackElo "1927"]
[Annotator "TA"]
[PlyCount "143"]
[EventDate "2018.??.??"]
[EventType "swiss"]
[EventCountry "FRA"]
[SourceTitle "playchess.com"]
[Source "ChessBase"]
[SourceQuality "1"]

{[%evp 11,143,0,3,-11,0,-36,0,-23,-22,-32,4,-24,-21,-20,-18,-21,1,-61,-58,-88,-16,-47,-47,-55,-35,-42,-45,-38,-18,-23,-36,-44,-41,-78,-66,-58,-79,-142,-66,-98,-44,-202,-129,-157,-150,-174,-87,-157,-150,-159,-126,-126,-129,-125,-126,-115,-110,-125,-120,-174,-159,-176,-140,-272,-179,-275,-278,-273,-256,-252,-210,-253,-158,-169,-165,-908,-891,-1039,-1030,-904,-45,-46,-56,-56,-56,-52,0,0,0,0,0,0,0,0,0,0,0,0,0,0,0,0,0,0,0,0,0,0,0,0,0,0,49,0,40,48,957,796,1050,1643,2254,2143,2804,2545,2510,2447,2285,2249,2012,1803,2209,2106,1511,1472]} 1. Nf3 d5 2. g3 Nf6 3. Bg2 e6 4. O-O Be7 5. d3 b6 6. c4 Bb7 {LiveBook: 54 Games} 7. Ne5 {A15: English Opening: 1...Nf6} (7. cxd5 Nxd5 8. d4 O-O 9. Re1 c5 10. e4 Nf6 11. Nc3 cxd4 12. Nxd4 Nfd7 13. Ndb5 Nc5 14. Qxd8 Bxd8 {1-0 (43) Sjugirov,S (2650)-Zhao,J (2604) Riadh 2017}) 7... O-O 8. cxd5 $146 ({Find the theoretical novelty and annotate with similar games:} 8. Nc3 c5 9. f4 Qc8 10. e4 Rd8 11. Qe2 Bf8 12. Bd2 Na6 13. Rae1 Nb4 14. Bc1 d4 {0-1 (40) Seibicke,R (2177)-Dietze,F (2173) Germany 2010}) 8... Bxd5 (8... Nxd5 {NOTEXT} 9. d4 c5 10. dxc5 Bxc5 11. Nd3 Be7) 9. Nc3 {The position is equal.} Bxg2 10. Kxg2 Nd5 11. Bd2 Bf6 12. Nf3 c5 13. Qa4 Qd7 14. Qe4 (14. Qxd7 $11 Nxd7 15. h4) 14... Nc6 $15 15. h4 Nce7 (15... Bd4 $17 16. h5 (16. Ng5 Nf6 $17) 16... f5) 16. Ng5 {[%csl Gg5][%cal Re4h7]} Nf5 17. Rh1 Bxc3 18. bxc3 Nf6 19. Qf3 h6 20. Ne4 Nxe4 21. Qxe4 Rad8 22. g4 Nd6 $36 {[%mdl 2048] Black is more active.} 23. Qf3 e5 24. Be3 (24. g5 $142) 24... Rfe8 (24... f5 $1 $17 25. g5 f4) 25. g5 {[#]} e4 (25... h5 $1 $17 {[%mdl 512]}) 26. Qh3 $2 (26. dxe4 $1 $15 Rxe4 27. Rad1 Rg4+ 28. Kf1) 26... Nf5 27. Rad1 Nxe3+ 28. fxe3 Qd5 (28... Qb5 $19 {aiming for ...Qb2.} 29. Rb1 Qa6 30. gxh6 Rd6 31. hxg7 Qxa2) 29. c4 (29. d4 $142) 29... Qc6 $17 {Strongly threatening ...exd3+.} 30. Kf2 exd3 31. exd3 h5 32. Qf3 Qe6 33. Rd2 g6 34. Qf4 Re7 {[%cal Be8e7,Be7d7,Bd7d6,Bd6d4][%mdl 32]} 35. Rf1 (35. Rc1 $17) 35... Red7 $1 $19 36. Ke2 Rd6 37. Rf3 (37. a4 $17) 37... Rd4 38. e4 {[#]} (38. Qc7 $142) 38... b5 $1 {[%cal Rb5c4][%mdl 512]} 39. cxb5 c4 {And now ...cxd3+ would win.} 40. Qf6 {Hoping for Qxe6.} cxd3+ 41. Kf2 {next Qxe6 is good for White.} Qe8 ({And not} 41... Qxe4 42. Qxf7+ Kh8 43. Qf6+ Kh7 44. Qf7+ Kh8 45. Qf6+ Kh7 46. Qf7+ Kh8 $11) 42. e5 R4d5 ({But not} 42... Rxh4 43. Rdxd3 Rc8 44. Rd6 $17) 43. a4 $2 (43. e6 fxe6 44. Ke1) 43... Rxe5 44. Rdxd3 Rxd3 45. Rxd3 {[%mdl 4096] Endgame KQR-KQR} Re2+ $2 (45... Rf5+ $19 46. Qxf5 gxf5) 46. Kg3 $15 Re3+ 47. Rxe3 Qxe3+ {KQ-KQ} 48. Qf3 Qe1+ ({Better is} 48... Qg1+ $1 $15 49. Kf4 Qh2+ 50. Ke3 Qxh4 51. Qa8+ Kg7 52. Qxa7 Qxg5+ 53. Kd3 h4 54. Qd4+ Kg8) 49. Qf2 $11 Qc3+ (49... Qe5+ {NOTEXT} 50. Qf4 Qc3+ 51. Kg2 Qc2+ 52. Kh3 Qd3+) 50. Kg2 Qa5 51. Qd4 Qc7 52. Kf3 Qe7 53. Kf2 Qc7 54. Ke3 Qg3+ 55. Kd2 Qc7 56. Kd3 Kh7 57. Qc4 Qg3+ 58. Kc2 Qf3 59. Qd4 Qe2+ 60. Kc3 Qe7 61. Kb3 Kg8 62. Kc4 (62. a5 $5 {[%cal Rb5b6]}) 62... Qe2+ 63. Kc5 Qe7+ $2 {[%mdl 8192] [#]} (63... Qh2 $14) 64. Kc6 $1 $18 {White is clearly winning.} Qe1 65. Kb7 Qe7+ 66. Ka6 Kh7 67. Qxa7 Qe6+ 68. Qb6 {White wants to mate with Qxe6.} Qe4 69. a5 Qxh4 70. Qc5 Qh1 71. Ka7 h4 72. b6 {Precision: White = 39%, Black = 48%.} 1-0

[Event "FRA-ch Youth U16 2018"]
[Site "Agen"]
[Date "2018.04.15"]
[Round "1"]
[White "Zmboyan, Sargis"]
[Black "Gatineau, Yovann"]
[Result "0-1"]
[WhiteElo "1953"]
[BlackElo "2365"]
[Annotator "TA"]
[PlyCount "49"]
[EventDate "2018.??.??"]
[EventType "swiss"]
[EventCountry "FRA"]
[SourceTitle "playchess.com"]
[Source "ChessBase"]
[SourceQuality "1"]

{[%evp 17,49,-33,-28,-53,-16,-82,-95,-75,-56,-65,-73,-62,-64,-56,-56,-129,-86,-106,-134,-212,-206,-297,-110,-82,-102,-103,-101,-195,-200,-154,-131,-260,-237,-549]} 1. Nf3 Nf6 2. g3 g6 3. Bg2 Bg7 4. O-O d5 5. d3 O-O 6. Nbd2 c5 7. e4 Nc6 8. c3 e5 9. Qe2 {A08: King's Indian Attack} (9. a4 b6 10. exd5 Nxd5 11. Nc4 f6 12. Re1 Be6 13. Nfd2 Qd7 14. Ne4 Rfd8 15. Qe2 Kh8 16. a5 Rab8 17. axb6 axb6 {1-0 (44) Caruana,F (2791)-Le,Q (2712) Dubai 2014}) 9... Re8 {LiveBook: 4 Games} 10. Rb1 Be6 $146 ({Predecessor:} 10... a5 11. a4 h6 12. exd5 Nxd5 13. Nc4 {0-1 (34) Leon Acosta,M (2118)-Garriga Cazorla,P (2461) Linares 2015}) 11. b4 (11. Ng5 $11 {remains equal.}) 11... cxb4 $17 12. cxb4 dxe4 13. Nxe4 Nxe4 14. dxe4 Nd4 15. Nxd4 exd4 16. Qb5 (16. Rd1 $15) 16... Qb6 17. Qa4 Bc4 18. Rd1 {[#]} (18. Re1 $17) 18... Be2 $1 $19 19. Re1 {[#]} (19. Rd2 $142 d3 20. Bb2) 19... Bd3 $2 (19... d3 $1 $19 {has better winning chances.} 20. Be3 Bd4 21. Bxd4 Qxd4) 20. Rb2 $17 Bb5 21. Qb3 Rac8 22. Bf1 (22. Bf4 $17) 22... d3 $19 23. Be3 Qa6 {...Bc4 is the strong threat.} 24. Rd2 (24. Rbb1 $17 {was the only chance.}) 24... Bc3 ({Not} 24... Rxe4 25. Bxd3 Re7 26. Red1 $14) 25. Bh3 $2 {Precision: White =  8%, Black = 43%.} (25. Red1 {is a better chance.}) 0-1

[Event "FRA-ch Youth U16 2018"]
[Site "Agen"]
[Date "2018.04.15"]
[Round "1"]
[White "Gault, Emmanuel"]
[Black "Travadon, Loic"]
[Result "0-1"]
[WhiteElo "1940"]
[BlackElo "2344"]
[Annotator "TA"]
[PlyCount "90"]
[EventDate "2018.??.??"]
[EventType "swiss"]
[EventCountry "FRA"]
[SourceTitle "playchess.com"]
[Source "ChessBase"]
[SourceQuality "1"]

{[%evp 18,90,0,-4,0,-21,-14,-14,-15,-34,-25,-27,47,52,62,43,76,76,71,70,70,77,102,77,88,62,107,88,95,-181,-164,-187,-179,-178,-179,-192,-180,-186,-189,-182,-170,-194,-197,-188,-167,-187,-183,-183,-129,-152,0,-177,-139,-189,-172,-294,-290,-268,-290,-282,-260,-310,-293,-329,-244,-497,-476,-918,-900,-837,-837,-785,-770,-629,-598]} 1. c4 e6 2. Nc3 d5 3. cxd5 exd5 4. d4 Bb4 5. Nf3 Nf6 6. Bg5 h6 7. Bxf6 Qxf6 8. e3 O-O 9. Be2 {D38: Queen's Gambit Declined: Ragozin Defence (4 Nf3 Bb4)} c6 10. O-O {LiveBook: 12 Games} Qe7 11. Qd3 $146 {The position is equal.} ({Predecessor:} 11. Qc2 Nd7 12. Na4 Bd6 13. Rac1 Nf6 14. Nc5 a5 15. Rfe1 b6 16. Na4 Rb8 {½-½ (16) Drasko,M (2465)-Dizdar,G (2505) Sarajevo 1987}) 11... Be6 12. Ne5 Nd7 13. f4 Nxe5 14. fxe5 f5 (14... f6 $11 15. a3 Ba5 16. exf6 Rxf6) 15. a3 $36 {[%mdl 2048] White has the initiative.} Ba5 16. b4 Bc7 17. Na4 {[%cal Bc3a4,Ba4b2,Bb2d3,Bd3f4][%mdl 32]} b6 18. Rac1 Rac8 19. Nb2 Bb8 20. Qd2 c5 21. Nd3 {[%cal Rb4c5]} c4 22. Nf4 Bf7 23. e6 $2 {[%mdl 8192] [#]} (23. Bh5 $16) 23... Bxe6 $19 24. Ng6 Qd6 25. g3 Rf6 26. Ne5 Qe7 27. Bf3 Kh7 28. Qg2 Qd6 29. Rf2 Re8 30. Rcf1 Ref8 31. Bh5 {intending g4.} g6 32. Bd1 Bc8 ({Black should play} 32... b5 $19 33. g4 Qb6) 33. Bf3 $17 Be6 34. Bd1 $1 Bg8 35. g4 fxg4 36. Bc2 (36. Rxf6 {was called for.} Rxf6 37. Rxf6 Qxf6 38. Nd7) 36... Rxf2 $19 37. Rxf2 Rxf2 38. Qxf2 Kg7 39. Nxg4 Qe7 40. Qg2 Qg5 41. h4 $2 {[#]} (41. Nf2) 41... Qxh4 {Black is clearly winning.} 42. Ne5 (42. Nf2 $142 Bf7 43. Kf1) 42... Qe1+ 43. Kh2 Bxe5+ 44. dxe5 Qh4+ 45. Kg1 Qg5 {Precision: White = 45%, Black = 69%.} 0-1

[Event "FRA-ch Youth U16 2018"]
[Site "Agen"]
[Date "2018.04.15"]
[Round "1"]
[White "Aubert, Estee"]
[Black "Henry, Aziliz"]
[Result "1-0"]
[WhiteElo "1892"]
[BlackElo "1397"]
[Annotator "NA RC"]
[PlyCount "79"]
[EventDate "2018.??.??"]
[EventType "swiss"]
[EventCountry "FRA"]
[SourceTitle "playchess.com"]
[Source "ChessBase"]
[SourceQuality "1"]
[TimeControl "5400+30"]

1. Nf3 {[%emt 0:00:00]} d6 {[%emt 0:00:07]} 2. d4 {[%emt 0:00:00]} Nf6 {[%emt 0:00:08]} 3. g3 {[%emt 0:00:56]} g6 {[%emt 0:00:12]} 4. Bg2 {[%emt 0:00:10]} Bg7 {[%emt 0:00:55]} 5. O-O {[%emt 0:01:34]} O-O {[%emt 0:02:27]} 6. c4 {[%emt 0:00:42]} Nc6 {[%emt 0:02:02]} 7. Nc3 {[%emt 0:03:54]} e5 {[%emt 0:02:12]} 8. dxe5 {[%emt 0:05:05]} dxe5 {[%emt 0:03:52]} 9. Qa4 {[%emt 0:08:28]} Bd7 {[%emt 0:07:36]} 10. Qb5 {[%emt 0:14:56]} b6 {[%emt 0:07:03]} 11. Nxe5 {[%emt 0:15:39]} Nxe5 {[%emt 0:05:12]} 12. Qxe5 {[%emt 0:00:05]} Re8 {[%emt 0:03:58]} 13. Qf4 {[%emt 0:00:31]} Rb8 {[%emt 0:03:19]} 14. Rd1 {[%emt 0:00:45]} Qc8 {[%emt 0:06:25]} 15. a4 {[%emt 0:05:19]} c5 {[%emt 0:05:17]} 16. a5 {[%emt 0:01:57]} b5 {[%emt 0:03:07]} 17. cxb5 $16 {[%emt 0:01:58]} Bxb5 {[%emt 0:00:25]} 18. Nxb5 {[%emt 0:00:12]} Rxb5 {[%emt 0:00:11]} 19. Qc4 {[%emt 0:06:11]} Rb4 {[%emt 0:03:26]} 20. Qc2 {[%emt 0:00:08]} Ne4 {[%emt 0:02:11]} 21. Rd3 {[%emt 0:11:17]} Bd4 {[%emt 0:09:18]} 22. e3 {[%emt 0:01:29]} Bg7 {[%emt 0:05:05]} 23. Rb3 {[%emt 0:02:41]} Qf5 {[%emt 0:03:05]} 24. f3 {[%emt 0:03:55]} Nxg3 {[%emt 0:03:09]} 25. e4 {[%emt 0:05:06]} Bd4+ {[%emt 0:00:51]} 26. Be3 {[%emt 0:00:04]} Bxe3+ {[%emt 0:01:56]} 27. Rxe3 {[%emt 0:00:03]} Qg5 {[%emt 0:00:47]} 28. f4 {[%emt 0:00:28]} Qxf4 {[%emt 0:03:24]} 29. Rxg3 {[%emt 0:00:05]} Qe5 {[%emt 0:00:44]} 30. Rc3 {[%emt 0:00:48]} Qd4+ {[%emt 0:00:57]} 31. Kh1 {[%emt 0:00:11]} Re5 {[%emt 0:00:49]} 32. Rd1 {[%emt 0:00:31]} Rxb2 {[%emt 0:01:37]} 33. Rxd4 {[%emt 0:00:22]} Rxc2 {[%emt 0:00:07]} 34. Rd8+ {[%emt 0:00:05]} Kg7 {[%emt 0:00:07]} 35. Rxc2 {[%emt 0:00:03]} c4 {[%emt 0:00:29]} 36. Rd5 {[%emt 0:00:26]} Rxd5 {[%emt 0:00:22]} 37. exd5 {[%emt 0:00:04]} Kf6 {[%emt 0:00:08]} 38. Rxc4 {[%emt 0:00:13]} Ke7 {[%emt 0:00:10]} 39. Rc7+ {[%emt 0:00:06]} Kd6 {[%emt 0:00:09]} 40. Rxa7 {[%emt 0:00:09]} 1-0

[Event "FRA-ch Youth U16 2018"]
[Site "Agen"]
[Date "2018.04.15"]
[Round "1"]
[White "Bellahcene, Meriem"]
[Black "Lemiere, Charlotte"]
[Result "1-0"]
[WhiteElo "1862"]
[BlackElo "1380"]
[Annotator "NA RC"]
[PlyCount "105"]
[EventDate "2018.??.??"]
[EventType "swiss"]
[EventCountry "FRA"]
[SourceTitle "playchess.com"]
[Source "ChessBase"]
[SourceQuality "1"]
[TimeControl "5400+30"]

1. e4 {[%emt 0:00:00]} e6 {[%emt 0:00:13]} 2. d4 {[%emt 0:00:00]} d5 {[%emt 0:00:20]} 3. e5 {[%emt 0:00:10]} c5 {[%emt 0:00:46]} 4. c3 {[%emt 0:00:12]} Qb6 {[%emt 0:00:32]} 5. Nf3 {[%emt 0:00:41]} Nh6 {[%emt 0:02:04]} 6. a3 {[%emt 0:01:45]} Nf5 {[%emt 0:04:16]} 7. b4 {[%emt 0:01:59]} cxb4 {[%emt 0:04:07]} 8. cxb4 {[%emt 0:00:09]} Nc6 {[%emt 0:03:07]} 9. Bb2 {[%emt 0:00:56]} Bd7 {[%emt 0:02:43]} 10. Be2 {[%emt 0:01:33]} Be7 {[%emt 0:01:41]} 11. O-O {[%emt 0:00:50]} O-O {[%emt 0:00:31]} 12. Qd3 {[%emt 0:01:34]} a5 {[%emt 0:05:49]} 13. b5 {[%emt 0:07:45]} Na7 {[%emt 0:02:09]} 14. a4 {[%emt 0:00:18]} Rfc8 {[%emt 0:04:11]} 15. Ba3 {[%emt 0:06:20]} Qd8 {[%emt 0:02:54]} 16. Nbd2 {[%emt 0:10:53]} b6 {[%emt 0:02:12]} 17. Bxe7 {[%emt 0:07:23]} Qxe7 {[%emt 0:00:41]} 18. Rfc1 $16 {[%emt 0:04:25]} Be8 {[%emt 0:01:34]} 19. Nf1 {[%emt 0:08:33]} Rab8 {[%emt 0:06:21]} 20. g4 {[%emt 0:03:03]} Nh6 {[%emt 0:02:50]} 21. Ne3 {[%emt 0:01:24]} Kh8 {[%emt 0:01:53]} 22. g5 {[%emt 0:09:56]} Ng8 {[%emt 0:01:58]} 23. Kh1 {[%emt 0:04:09]} Rxc1+ {[%emt 0:02:10]} 24. Rxc1 {[%emt 0:00:04]} Rc8 {[%emt 0:00:16]} 25. Rxc8 {[%emt 0:00:20]} Nxc8 {[%emt 0:00:09]} 26. Qc2 {[%emt 0:00:41]} Qd7 {[%emt 0:02:22]} 27. Bd3 {[%emt 0:02:07]} g6 {[%emt 0:01:09]} 28. Ng4 {[%emt 0:03:11]} Nce7 {[%emt 0:01:08]} 29. Nf6 {[%emt 0:03:25]} Nxf6 {[%emt 0:02:14]} 30. gxf6 {[%emt 0:00:14]} Ng8 {[%emt 0:00:26]} 31. Ng5 {[%emt 0:03:18]} h6 {[%emt 0:01:02]} 32. Nh3 {[%emt 0:02:06]} Qd8 {[%emt 0:01:59]} 33. Nf4 {[%emt 0:00:59]} Kh7 {[%emt 0:00:55]} 34. Bxg6+ {[%emt 0:06:12]} Kh8 {[%emt 0:08:42]} 35. Bh5 {[%emt 0:01:38]} Qd7 {[%emt 0:03:40]} 36. Qc3 {[%emt 0:00:19]} Qd8 {[%emt 0:00:49]} 37. Qg3 {[%emt 0:00:57]} Nxf6 {[%emt 0:00:24]} 38. exf6 {[%emt 0:00:04]} Qxf6 {[%emt 0:00:04]} 39. Ne2 {[%emt 0:00:25]} Qf5 {[%emt 0:01:15]} 40. Qe5+ {[%emt 0:00:15]} Qxe5 {[%emt 0:00:28]} 41. dxe5 {[%emt 0:00:04]} Kg7 {[%emt 0:00:33]} 42. Nd4 {[%emt 0:01:57]} Bd7 {[%emt 0:01:14]} 43. Kg2 {[%emt 0:00:10]} f6 {[%emt 0:00:12]} 44. f4 {[%emt 0:00:35]} fxe5 {[%emt 0:00:47]} 45. fxe5 {[%emt 0:00:04]} Kf8 {[%emt 0:01:04]} 46. Kf3 {[%emt 0:00:27]} Ke7 {[%emt 0:00:10]} 47. Bg4 {[%emt 0:00:58]} Kf7 {[%emt 0:00:19]} 48. Kg3 {[%emt 0:00:10]} Ke7 {[%emt 0:00:32]} 49. Kh4 {[%emt 0:00:04]} Kf7 {[%emt 0:00:07]} 50. Kh5 {[%emt 0:00:05]} Kg7 {[%emt 0:00:06]} 51. Nxe6+ {[%emt 0:00:21]} Bxe6 {[%emt 0:00:22]} 52. Bxe6 {[%emt 0:00:04]} d4 {[%emt 0:00:06]} 53. Bf5 {[%emt 0:00:05]} 1-0

[Event "FRA-ch Youth U16 2018"]
[Site "Agen"]
[Date "2018.04.15"]
[Round "1"]
[White "Mercier, Pauline"]
[Black "Djidjeli, Sarah"]
[Result "0-1"]
[WhiteElo "1399"]
[BlackElo "1903"]
[Annotator "NA RC"]
[PlyCount "48"]
[EventDate "2018.??.??"]
[EventType "swiss"]
[EventCountry "FRA"]
[SourceTitle "playchess.com"]
[Source "ChessBase"]
[SourceQuality "1"]
[TimeControl "5400+30"]

1. Nf3 {[%emt 0:00:00]} d5 {[%emt 0:00:04]} 2. g3 {[%emt 0:00:00]} Nf6 {[%emt 0:00:22]} 3. Bg2 {[%emt 0:00:00]} e6 {[%emt 0:01:41]} 4. b3 {[%emt 0:00:52]} Be7 {[%emt 0:00:45]} 5. Bb2 {[%emt 0:00:12]} O-O {[%emt 0:04:01]} 6. O-O {[%emt 0:01:08]} c5 {[%emt 0:05:36]} 7. d3 {[%emt 0:04:23]} Nc6 {[%emt 0:00:29]} 8. Nbd2 {[%emt 0:01:26]} Qc7 {[%emt 0:02:49]} 9. d4 {[%emt 0:10:18]} cxd4 {[%emt 0:07:22]} 10. Nxd4 {[%emt 0:00:15]} Nxd4 {[%emt 0:00:07]} 11. Bxd4 {[%emt 0:00:10]} e5 {[%emt 0:00:11]} 12. Bb2 {[%emt 0:00:37]} Rd8 {[%emt 0:01:17]} 13. Nf3 {[%emt 0:06:31]} d4 {[%emt 0:05:20]} 14. Qc1 {[%emt 0:09:07]} Nd5 {[%emt 0:06:04]} 15. Rd1 {[%emt 0:06:36]} Bf5 {[%emt 0:06:32]} 16. Ne1 {[%emt 0:03:18]} Be6 {[%emt 0:16:28]} 17. a3 {[%emt 0:12:04]} Rac8 $17 {[%emt 0:01:05]} 18. e3 {[%emt 0:11:12]} dxe3 {[%emt 0:01:59]} 19. fxe3 {[%emt 0:00:09]} Nxe3 {[%emt 0:03:59]} 20. Rxd8+ {[%emt 0:06:57]} Rxd8 {[%emt 0:00:06]} 21. b4 {[%emt 0:02:12]} Qb6 {[%emt 0:01:17]} 22. Bxe5 {[%emt 0:11:19]} Ng4+ {[%emt 0:00:41]} 23. Kh1 {[%emt 0:00:27]} Nf2+ {[%emt 0:00:20]} 24. Kg1 {[%emt 0:00:13]} Nh3+ {[%emt 0:00:07] Qd1} 0-1

[Event "FRA-ch Youth U16 2018"]
[Site "Agen"]
[Date "2018.04.15"]
[Round "1"]
[White "Barth, Adele"]
[Black "Conti, Anne-Marie"]
[Result "0-1"]
[WhiteElo "1386"]
[BlackElo "1865"]
[Annotator "NA RC"]
[PlyCount "68"]
[EventDate "2018.??.??"]
[EventType "swiss"]
[EventCountry "FRA"]
[SourceTitle "playchess.com"]
[Source "ChessBase"]
[SourceQuality "1"]
[TimeControl "5400+30"]

1. c4 {[%emt 0:00:00]} Nf6 {[%emt 0:00:12]} 2. d4 {[%emt 0:00:00]} e6 {[%emt 0:00:22]} 3. Nf3 {[%emt 0:00:00]} c5 {[%emt 0:00:16]} 4. Nc3 {[%emt 0:00:05]} g6 {[%emt 0:02:38]} 5. e3 {[%emt 0:04:59]} Bg7 {[%emt 0:02:10]} 6. Be2 {[%emt 0:00:50]} O-O {[%emt 0:02:29]} 7. O-O {[%emt 0:00:34]} cxd4 {[%emt 0:03:09]} 8. exd4 {[%emt 0:01:24]} b6 {[%emt 0:01:03]} 9. d5 {[%emt 0:13:53]} Bb7 {[%emt 0:03:50]} 10. Re1 {[%emt 0:14:55]} Na6 {[%emt 0:04:54]} 11. Be3 {[%emt 0:16:01]} Ng4 {[%emt 0:09:13]} 12. Bf4 {[%emt 0:16:17]} e5 {[%emt 0:00:35]} 13. Bg5 {[%emt 0:05:32]} f6 {[%emt 0:02:57]} 14. Bd2 {[%emt 0:01:39]} d6 {[%emt 0:04:39]} 15. h3 $11 {[%emt 0:02:36]} Nh6 {[%emt 0:00:56]} 16. a3 {[%emt 0:06:46]} Nf7 {[%emt 0:01:33]} 17. b4 {[%emt 0:00:30]} f5 {[%emt 0:00:33]} 18. Bc1 {[%emt 0:05:54]} Rc8 {[%emt 0:03:17]} 19. Bb2 {[%emt 0:01:14]} Nb8 {[%emt 0:02:07]} 20. Rc1 {[%emt 0:00:58]} g5 {[%emt 0:09:14]} 21. Nd2 {[%emt 0:00:57]} Nd7 {[%emt 0:03:17]} 22. Bh5 {[%emt 0:01:50]} Qf6 {[%emt 0:03:51]} 23. Nb5 {[%emt 0:01:40]} a6 {[%emt 0:01:27]} 24. Nc3 {[%emt 0:00:04]} Qh6 {[%emt 0:00:32]} 25. Be2 {[%emt 0:00:50]} e4 {[%emt 0:02:39]} 26. Qc2 {[%emt 0:00:45]} Nfe5 {[%emt 0:01:05]} 27. Qb3 {[%emt 0:01:17]} g4 {[%emt 0:00:27]} 28. Nf1 {[%emt 0:01:27]} gxh3 {[%emt 0:00:11]} 29. g3 {[%emt 0:00:28]} f4 {[%emt 0:00:21]} 30. Kh2 {[%emt 0:00:35]} fxg3+ {[%emt 0:01:07]} 31. Nxg3 {[%emt 0:00:51]} Rxf2+ {[%emt 0:00:35]} 32. Kh1 {[%emt 0:00:24]} Nf3 {[%emt 0:04:00]} 33. Bxf3 {[%emt 0:00:22]} exf3 {[%emt 0:01:07]} 34. Rg1 {[%emt 0:00:19]} Qd2 {[%emt 0:01:47]} 0-1